00541nam a22001697a 450000500170000001000250001702000260004203500230006803700130009103700170010408200100012110000170013124500850014826000410023327000720027430000250034620120507114840.0 aENG-105214 B-489080 a9788184002263c150.00 aEN-88747 B-489080 bDBAD/PUB bStar Pub/Ven a158.1 aDhar, Mainak aThe cubicle manifesto :cby Suhel Sethbthe perfect way to reinvent your life / aNoidabRandom House Publishersc2012 aWindsor IT Park, 7th Floor, Tower-B, A-1, Sector-125bNoidae201301 axi,113p. c21cm(pbk)